| 000 | 00523nam a2200205Ia 4500 | ||
|---|---|---|---|
| 001 | vtls000052000 | ||
| 003 | NUST - PNEC | ||
| 005 | 20170116181100.0 | ||
| 008 | 060425s9999 xx 000 0 und d | ||
| 020 | _a6913518 | ||
| 039 | 9 | _a200801281638 | |
| 040 | _cLIBRARY | ||
| 090 | _a621.381 STE | ||
| 100 | _aStewart, Harry E. | ||
| 245 |
_aEngineering electronics _cHarry E. Stewart |
||
| 260 | _c1969 | ||
| 650 |
_aElectronics _xEL |
||
| 942 |
_2ddc _cBK |
||
| 999 |
_c68736 _d68736 |
||